Instruments used in Marching Band - Statistics

General Stats
  • This quiz has been taken 559 times
    510 since last reset
  • The average score is 19 of 28
Answer Stats
Picture Answer % Correct
Trumpet
99%
Clarinet
97%
Trombone
95%
Flute
94%
Electric Guitar
90%
Gong/Tam Tam
86%
Sousaphone
86%
Cymbals
78%
Marching Snare Drum
75%
Alto Saxophone
72%
Mellophone
71%
Synthesizer
71%
Marching Bass Drums
70%
Marching Tenor Drums
69%
Timpani
67%
Drum Set
65%
Tenor Saxophone
64%
Piccolo
62%
Glockenspiel/Bells
61%
Marimba
59%
Chimes
56%
Baritone
52%
Bass Clarinet
52%
Bass Trombone
46%
Baritone Saxophone
43%
Vibraphone
34%
Wind Chimes/Mark Tree
28%
Crotales
10%
No matching quizzes found
Score Distribution
Percent of People with Each Score
Percentile by Number Answered
Your Score History
You have not taken this quiz since the last reset